Biologia per a l'ensenyament (Registre núm. 51815)
[ vista simple ]
| 000 -LEADER | |
|---|---|
| campo de control de longitud fija | 01171aam a2200421a 44500 |
| 008 - DATOS DE LONGITUD FIJA--INFORMACIÓN GENERAL | |
| campo de control de longitud fija | 940513s1994 cat |
| 017 ## - NÚMERO DE COPYRIGHT O DE DEPÓSITO LEGAL | |
| Número de copyright o de depósito legal | PM-165-1994 |
| 020 ## - NÚMERO INTERNACIONAL ESTÁNDAR DEL LIBRO | |
| Número Internacional Estándar del Libro | 8486815541 |
| 041 ## - CÓDIGO DE IDIOMA | |
| Código de lengua del texto/banda sonora o título independiente | cat |
| 041 ## - CÓDIGO DE IDIOMA | |
| Llengües tractades | spa |
| 100 ## - ENTRADA PRINCIPAL--NOMBRE DE PERSONA | |
| Nombre de persona | Tomàs i Palmer, M. Pau |
| 9 (RLIN) | 62073 |
| 245 ## - MENCIÓN DEL TÍTULO | |
| Título | Biologia per a l'ensenyament |
| 245 ## - MENCIÓN DEL TÍTULO | |
| Mención de responsabilidad, etc. | Gabriel Vicens i Mir |
| 245 ## - MENCIÓN DEL TÍTULO | |
| Mención de responsabilidad, etc. | M. Pau Tomàs i Palmer |
| 260 ## - PUBLICACIÓN, DISTRIBUCIÓN, ETC. | |
| Lugar de publicación, distribución, etc. | Palma de Mallorca |
| 260 ## - PUBLICACIÓN, DISTRIBUCIÓN, ETC. | |
| Nombre del editor, distribuidor, etc. | Govern Balear. Conselleria de Cultura, Educació i Esports |
| 260 ## - PUBLICACIÓN, DISTRIBUCIÓN, ETC. | |
| Fecha de publicación, distribución, etc. | 1994 |
| 300 ## - DESCRIPCIÓN FÍSICA | |
| Extensión | 236 p. |
| Otras características físicas | il. |
| Dimensiones | 22 cm. |
| 490 ## - MENCIÓN DE SERIE | |
| Mención de serie | Diccionaris Terminològics; |
| Designación de volumen o secuencia | 1 |
| 500 ## - NOTA GENERAL | |
| Nota general | Categoria gramatical |
| 500 ## - NOTA GENERAL | |
| Publicació TERMCAT | termcat |
| 520 ## - RESUMEN, ETC. | |
| Nombre de termes | 1.480 |
| 546 ## - NOTA DE IDIOMA | |
| Llengua de les definicions | català |
| 591 ## - Codi de font | |
| Codi de font | 4049 |
| 592 ## - Tipus obra | |
| Tipus d'obra | Obra terminològica |
| 593 ## - Codi CGAT | |
| Codi de la CGAT | DA |
| 594 ## - Número de document | |
| Número de document | 4049 |
| 650 ## - PUNTO DE ACCESO ADICIONAL DE MATERIA--TÉRMINO DE MATERIA | |
| Término de materia o nombre geográfico como elemento de entrada | biologia |
| 9 (RLIN) | 61479 |
| 700 ## - ENTRADA AGREGADA--NOMBRE PERSONAL | |
| Nombre de persona | Vicens i Mir, G. |
| 9 (RLIN) | 62074 |
| 710 ## - ENTRADA AGREGADA--NOMBRE DE ENTIDAD CORPORATIVA | |
| Nombre de entidad corporativa o nombre de jurisdicción como elemento de entrada | Universitat de les Illes Balears. Gabinet de Terminologia. |
| 9 (RLIN) | 62075 |
| 830 ## - PUNTO DE ACCESO ADICIONAL DE SERIE-TÍTULO UNIFORME | |
| Título uniforme | Diccionaris Terminològics; |
| Designación de volumen o secuencia | 1 |
| 9 (RLIN) | 60611 |
| 901 ## - ELEMENTOS DE DATOS A LOCAL LDA (RLIN) | |
| c | <1994> |
| 902 ## - ELEMENTOS DE DATOS B LOCAL, LDB (RLIN) | |
| a | 940513 |
| 942 ## - ELEMENTOS DE ENTRADA SECUNDARIOS (KOHA) | |
| Tipo de ítem Koha | Monografia |
| Suprimir en OPAC | No |
| Fuente del sistema de clasificación o colocación | Clasificación Decimal Dewey |
| Estatus retirado | Estado de pérdida | Estado de daño | No para préstamo | Biblioteca de origen | Biblioteca actual | Fecha de adquisición | Total de préstamos | Signatura topográfica completa | Código de barras | Visto por última vez | Precio de reemplazo | Tipo de ítem Koha |
|---|---|---|---|---|---|---|---|---|---|---|---|---|
| TERMCAT | TERMCAT | 13/05/1994 | DA 1 | 00865 | 30/09/2021 | 30/09/2021 | MO |